| 000 | 01121nam a2200229Ia 4500 | ||
|---|---|---|---|
| 001 | 10242 | ||
| 003 | GE_BSU | ||
| 008 | 181216s||||||||xx |||||||||||||| ||und|| | ||
| 040 | _cGE_BSU | ||
| 080 | _a821.353.1-1 | ||
| 100 | _aტაბიძე, გალაკტიონ | ||
| 245 | _aთხზულებანი თორმეტ ტომად | ||
| 245 | _bტ.7:ლექსები | ||
| 245 | _cტომი გამოსაცემად მოამზადა ვარიანტ.და შენიშვნ.დაურთეს ეთერ შარაშენიძემ და ლევან ჭრელაშვილმა, სარედ.კოლეგია:გურამ გვერდწითელი,ალექსანდრე გომიაშვილი,და სხვ. | ||
| 260 | _aთბილისი. | ||
| 260 | _bსაბჭ.საქართველო | ||
| 260 | _c1972 | ||
| 300 | _a355გვ;20სმ. | ||
| 653 | _aთხზულებანი თორმეტ ტომად | ||
| 653 | _aტ.7:ლექსები | ||
| 942 | _cBK | ||
| 999 |
_c43511 _d43511 |
||